000 00647nam a2200217 a 4500
001 28805
003 BD-RjUL
005 20211209051330.0
008 140401s1975 b ||||| |||| 00| 0 eng d
035 _a(BD-RjUL)28888
040 _aBD-RjUL
_beng
_cBD-RjUL
041 _aeng
082 _221
_a305.42
_bEPR 1975
100 _aEpstein, T. Scarlett
_988093
245 _aRural social science development and the role of women in rural development /
_cT. Scarlett Epstein.
260 _aDacca (Dhaka) :
_bFord Foundation,
_c1975
300 _a[1], 39 p. :
_bIll. '
_c28 Cm.
500 _ax
650 _aWomen's Studies
_988127
942 _2ddc
_cDOC
999 _c28805
_d28805